[Event "CAN-op"]
[Site "Edmonton CAN"]
[Date "2000.07.11"]
[Round "4"]
[White "Allan, Phillip"]
[Black "McKay, Tom"]
[Result "1-0"]
[WhiteElo "2037"]
[BlackElo "1689"]
[PlyCount "133"]
[GameId "2160767911686414"]
[EventDate "2000.07.08"]
[EventType "swiss"]
[EventRounds "10"]
[EventCountry "CAN"]

1. e4 c5 2. Nf3 d6 3. d4 cxd4 4. Nxd4 Nf6 5. Nc3 a6 6. Be2 Nc6 7. O-O e5 8. Nb3 Be6 9. Bg5 Be7 10. Kh1 O-O 11. f4 b5 12. Bxf6 Bxf6 13. f5 Bc4 14. Nc1 Bxe2 15. N1xe2 Ne7 16. a3 Rc8 17. Rf3 Rc5 18. Rd3 Nc8 19. Nd5 Be7 20. c3 f6 21. Ng3 Qd7 22. Qf3 Rf7 23. Rad1 Bf8 24. Nf1 a5 25. Qh5 a4 26. Rh3 h6 27. Rg3 Kh8 28. Nfe3 Qb7 29. Ng4 Rxd5 30. exd5 Nb6 31. Ne3 Re7 32. Qe2 Nd7 33. c4 bxc4 34. Nxc4 Rf7 35. Rc3 Nc5 36. Na5 Qd7 37. Rxc5 dxc5 38. Qd3 Bd6 39. Nc4 Kg8 40. Qc2 Bc7 41. d6 Bd8 42. Qe4 Kh7 43. Qd5 Kg8 44. Rf1 Qa7 45. Rd1 Qd7 46. g4 Kh7 47. h3 Qb7 48. Kg2 Qxd5+ 49. Rxd5 Rd7 50. Rxc5 g6 51. Kf3 gxf5 52. gxf5 h5 53. Ke4 Kh6 54. Kd5 Kg5 55. Ke6 Rb7 56. Rc8 Bb6 57. d7 Rxd7 58. Kxd7 Bd4 59. Ke6 Kh4 60. Kd5 Kxh3 61. Ke4 h4 62. Rf8 Kh2 63. Rxf6 h3 64. Rh6 Kg2 65. f6 h2 66. Rxh2+ Kxh2 67. Kd5 1-0

[Event "CAN-op"]
[Site "Edmonton CAN"]
[Date "2000.07.11"]
[Round "4"]
[White "Carayanniotis, Jason"]
[Black "Ward, Hilton"]
[Result "0-1"]
[WhiteElo "977"]
[BlackElo "1369"]
[PlyCount "82"]
[GameId "2160767911686415"]
[EventDate "2000.07.08"]
[EventType "swiss"]
[EventRounds "10"]
[EventCountry "CAN"]

1. d4 Nf6 2. Nc3 e6 3. e4 Bb4 4. Bd3 d5 5. Bg5 dxe4 6. Bxe4 h6 7. Bxf6 Qxf6 8. Nf3 O-O 9. Qd3 Nc6 10. O-O-O Bxc3 11. Qxc3 Qf4+ 12. Qe3 Qxe3+ 13. fxe3 f5 14. Bd3 a6 15. a3 b5 16. Ne5 Nxe5 17. dxe5 Bb7 18. Rhg1 Rad8 19. h3 Rd5 20. g4 Rxe5 21. Rde1 g5 22. h4 Bd5 23. gxf5 exf5 24. hxg5 h5 25. Kd2 Bf3 26. Be2 Bg4 27. Bxg4 fxg4 28. Ref1 Rxg5 29. Rxf8+ Kxf8 30. Rf1+ Ke7 31. Ke2 Ke6 32. Rf8 g3 33. Kf1 Rf5+ 34. Rxf5 Kxf5 35. Kg2 Ke4 36. Kxg3 Kxe3 37. Kh4 Kd2 38. Kxh5 Kxc2 39. Kg5 Kxb2 40. Kf5 Kxa3 41. Ke5 b4 0-1

[Event "CAN-op"]
[Site "Edmonton CAN"]
[Date "2000.07.11"]
[Round "4"]
[White "Deimert, Elroy"]
[Black "Rock, Dawn"]
[Result "1-0"]
[WhiteElo "1713"]
[BlackElo "1302"]
[PlyCount "123"]
[GameId "2160767911686416"]
[EventDate "2000.07.08"]
[EventType "swiss"]
[EventRounds "10"]
[EventCountry "CAN"]

1. e4 c5 2. Nf3 d6 3. Bc4 e6 4. d4 cxd4 5. Nxd4 Nf6 6. Bg5 Be7 7. Nc3 a6 8. Bb3 Nbd7 9. h4 Nc5 10. Qf3 b5 11. a3 Bb7 12. Bxf6 Bxf6 13. O-O-O Bxh4 14. Nxe6 Nxb3+ 15. cxb3 fxe6 16. Qh5+ g6 17. Qxh4 Qxh4 18. Rxh4 Rc8 19. Rxd6 Ke7 20. Rb6 Rc7 21. f3 h5 22. e5 Rf8 23. Rd4 Bd5 24. Kb1 Bxb3 25. Rb4 Bc4 26. Rxa6 Rb7 27. Rd6 Rf5 28. b3 Rxe5 29. Rd1 Be2 30. Rd2 Bf1 31. a4 Rb8 32. Ne4 Rd5 33. Rxd5 exd5 34. Nc3 Kd6 35. Rd4 bxa4 36. b4 Bc4 37. Nxa4 Rxb4+ 38. Nb2 g5 39. Kc1 Ke5 40. Rd2 Kf4 41. Nd3+ Bxd3 42. Rxd3 d4 43. Kc2 Kg3 44. Rd2 Rc4+ 45. Kb2 Kf4 46. Rd3 Ke5 47. Ra3 Kf4 48. Rd3 g4 49. fxg4 hxg4 50. Kb1 Ke4 51. Rg3 Rc3 52. Rxg4+ Ke3 53. Rh4 d3 54. Rh3+ Ke2 55. g4 Rc4 56. Rh2+ Ke1 57. Rh1+ Kd2 58. Rg1 Kc3 59. Rc1+ Kd4 60. Rxc4+ Kxc4 61. g5 Kc3 62. Kc1 1-0

[Event "CAN-op"]
[Site "Edmonton CAN"]
[Date "2000.07.11"]
[Round "4"]
[White "Gillanders, Robert"]
[Black "MacFie, Bob"]
[Result "1-0"]
[WhiteElo "1871"]
[BlackElo "1627"]
[PlyCount "83"]
[GameId "2160767911686417"]
[EventDate "2000.07.08"]
[EventType "swiss"]
[EventRounds "10"]
[EventCountry "CAN"]

1. d4 f5 2. c4 Nf6 3. Nc3 d6 4. Nf3 g6 5. Bf4 Bg7 6. e3 h6 7. h3 b6 8. Qc2 Na6 9. a3 O-O 10. Bd3 Nh5 11. Bh2 c5 12. d5 e5 13. dxe6 Bxe6 14. O-O-O Qe7 15. Rhe1 Rad8 16. e4 f4 17. Nd5 Qb7 18. Nc3 Be5 19. Nxe5 dxe5 20. Nd5 g5 21. Qc3 Qb8 22. Ne7+ Kf7 23. Nc6 Rxd3 24. Rxd3 Qc7 25. Nxe5+ Kg8 26. Red1 Ng7 27. h4 Nb8 28. hxg5 hxg5 29. Rd6 Re8 30. g3 f3 31. g4 Qe7 32. Qxf3 Bc8 33. Ng6 Qc7 34. Qd3 Nc6 35. Qd5+ Qf7 36. Qxf7+ Kxf7 37. Rxc6 Bxg4 38. Ne5+ Rxe5 39. Bxe5 Bxd1 40. Kxd1 Ne6 41. Bg3 Ke7 42. Rd6 1-0

[Event "CAN-op"]
[Site "Edmonton CAN"]
[Date "2000.07.11"]
[Round "4"]
[White "Lacroix, Peter"]
[Black "Kesteris, Imants"]
[Result "0-1"]
[WhiteElo "1423"]
[BlackElo "1744"]
[PlyCount "74"]
[GameId "2160767911686418"]
[EventDate "2000.07.08"]
[EventType "swiss"]
[EventRounds "10"]
[EventCountry "CAN"]

1. e4 e5 2. Nf3 Nc6 3. Bc4 d6 4. O-O Be7 5. d4 exd4 6. Nxd4 Ne5 7. Bb3 Nf6 8. Nc3 O-O 9. Be3 a6 10. a4 c5 11. Nf5 Bxf5 12. exf5 Qd7 13. Nd5 Rab8 14. Nxf6+ Bxf6 15. f4 Nc6 16. Bxc5 Qxf5 17. Ba3 Rbd8 18. Qd5 Qg4 19. c3 Qd7 20. Rad1 Be7 21. Rfe1 Qc7 22. Rd3 Na5 23. Ba2 Nc6 24. Red1 Rd7 25. g4 Nd8 26. g5 Ne6 27. Rf1 Re8 28. h4 Bf8 29. f5 Nd8 30. h5 Re5 31. Qf3 Kh8 32. f6 Rxg5+ 33. Kh1 Nc6 34. Rd5 Ne5 35. Qe2 Qc6 36. Rg1 Rf5 37. Qg2 Rxh5+ 0-1

[Event "CAN-op"]
[Site "Edmonton CAN"]
[Date "2000.07.11"]
[Round "4"]
[White "Langlois, Paul"]
[Black "Palcic, Branko"]
[Result "1/2-1/2"]
[WhiteElo "1537"]
[BlackElo "1676"]
[PlyCount "88"]
[GameId "2160767911686419"]
[EventDate "2000.07.08"]
[EventType "swiss"]
[EventRounds "10"]
[EventCountry "CAN"]

1. f4 d5 2. Nf3 Nf6 3. g3 e6 4. Bg2 Bd6 5. O-O Nbd7 6. d3 O-O 7. Re1 e5 8. e4 dxe4 9. fxe5 Nxe5 10. Nxe5 Bxe5 11. dxe4 Bg4 12. Qd3 Qe7 13. h3 Be6 14. Nc3 c6 15. Bf4 Rad8 16. Qe2 Bxc3 17. bxc3 Qc5+ 18. Qe3 Qa5 19. a3 Rd7 20. e5 Nd5 21. Bxd5 Rxd5 22. c4 Rd7 23. c5 Bxh3 24. Bg5 Be6 25. Rad1 Rxd1 26. Rxd1 Qc7 27. Rd2 Bd5 28. Bf4 Qc8 29. Qd3 Qe6 30. Rh2 f5 31. Qe3 Rd8 32. Rd2 Rf8 33. a4 h6 34. Rh2 Rf7 35. Qc3 g5 36. Be3 Kg7 37. Bd4 f4 38. Qe1 Qg4 39. e6+ Rf6 40. Bxf6+ Kxf6 41. Rxh6+ Kg7 42. e7 Bf7 43. Qe5+ Kxh6 44. Qf6+ Bg6 1/2-1/2

[Event "CAN-op"]
[Site "Edmonton CAN"]
[Date "2000.07.11"]
[Round "4"]
[White "Ludwig, David"]
[Black "Gomes, Alan"]
[Result "1/2-1/2"]
[WhiteElo "1801"]
[BlackElo "1946"]
[PlyCount "86"]
[GameId "2160767911686420"]
[EventDate "2000.07.08"]
[EventType "swiss"]
[EventRounds "10"]
[EventCountry "CAN"]

1. c4 c5 2. Nc3 Nc6 3. g3 b6 4. Bg2 Bb7 5. e3 Na5 6. Bxb7 Nxb7 7. Qf3 Nd6 8. Nd5 Rc8 9. b3 e6 10. Nc3 Be7 11. Nge2 Nf6 12. e4 e5 13. d3 O-O 14. O-O Nfe8 15. g4 Bg5 16. Bxg5 Qxg5 17. Qg3 h5 18. gxh5 Qxh5 19. f4 f6 20. Nd5 Rf7 21. Rf2 Nc7 22. Nxc7 Rxc7 23. f5 Nc8 24. Nc3 a6 25. Re1 Ne7 26. Re3 g5 27. Qh3 Rh7 28. Qxh5 Rxh5 29. Rff3 Kg7 30. Rh3 Rxh3 31. Rxh3 Rb7 32. Rg3 Kf8 33. h4 gxh4 34. Rh3 b5 35. Rxh4 d6 36. Rh8+ Ng8 37. Nd5 Kg7 38. Rh2 bxc4 39. dxc4 a5 40. Nc3 Ne7 41. Rd2 Nc8 42. Nb5 Kf8 43. Rh2 Rg7+ 1/2-1/2

[Event "CAN-op"]
[Site "Edmonton CAN"]
[Date "2000.07.11"]
[Round "4"]
[White "Phimester, Alex"]
[Black "Sullivan, Brian"]
[Result "0-1"]
[WhiteElo "1479"]
[BlackElo "1746"]
[PlyCount "106"]
[GameId "2160767911686421"]
[EventDate "2000.07.08"]
[EventType "swiss"]
[EventRounds "10"]
[EventCountry "CAN"]

1. e4 c5 2. Nf3 d6 3. Be2 Nc6 4. d4 cxd4 5. Nxd4 Bd7 6. Nxc6 Bxc6 7. Bf3 Nf6 8. Nc3 e6 9. Bg5 Be7 10. O-O O-O 11. g3 h6 12. Bxf6 Bxf6 13. Bg2 Rc8 14. Qd2 Bxc3 15. bxc3 Qc7 16. f4 Qb6+ 17. Qd4 Qxd4+ 18. cxd4 Ba4 19. e5 d5 20. Rac1 Rc3 21. Rf2 Rfc8 22. Bf1 Bxc2 23. Rd2 Be4 24. Rxc3 Rxc3 25. Kf2 Kf8 26. g4 Ke7 27. h4 Rf3+ 28. Ke1 Rxf4 29. Bh3 Rf3 30. Bg2 Re3+ 31. Kf2 Rd3 32. Rxd3 Bxd3 33. Ke3 Bc4 34. a3 b5 35. Kd2 a5 36. Kc3 f6 37. Bf3 fxe5 38. dxe5 g5 39. h5 Kd8 40. Bd1 Kc7 41. a4 bxa4 42. Bxa4 Be2 43. Kd4 Kb6 44. Ke3 Bxg4 45. Bd7 Kc5 46. Kf2 Kd4 47. Kg3 Bf5 48. Bb5 Kxe5 49. Kf3 d4 50. Ke2 Kd5 51. Bd3 Bxd3+ 52. Kxd3 a4 53. Kc2 g4 0-1

[Event "CAN-op"]
[Site "Edmonton CAN"]
[Date "2000.07.11"]
[Round "4"]
[White "Ramaswamy, Kiran"]
[Black "Tessier, Olivier"]
[Result "1/2-1/2"]
[WhiteElo "1749"]
[BlackElo "2001"]
[PlyCount "91"]
[GameId "2160767911686422"]
[EventDate "2000.07.08"]
[EventType "swiss"]
[EventRounds "10"]
[EventCountry "CAN"]

1. e4 c5 2. Nc3 Nc6 3. f4 e6 4. Nf3 Nge7 5. g3 d5 6. d3 g6 7. Bg2 Bg7 8. O-O O-O 9. a4 Rb8 10. Nh4 f5 11. exd5 Nxd5 12. Nxd5 exd5 13. Nf3 a6 14. Re1 b5 15. axb5 axb5 16. Qe2 b4 17. Ng5 Nd4 18. Qe7 Nxc2 19. Ra7 Rb7 20. Rxb7 Bxb7 21. Qxb7 Nxe1 22. Bxd5+ Kh8 23. Ne6 Qf6 24. Nxf8 Bxf8 25. Bd2 Qd4+ 26. Kh1 Nxd3 27. Qf7 Qg7 28. Qxg7+ Bxg7 29. b3 Bd4 30. Bc4 Nb2 31. Be2 c4 32. bxc4 b3 33. c5 Na4 34. c6 b2 35. Bd3 Bb6 36. Kg2 Kg7 37. Kf3 Kf6 38. Ke2 Ke6 39. Kd1 Kd6 40. Kc2 Kxc6 41. Bc4 Bg1 42. h3 Bf2 43. Bg8 h6 44. Bf7 Kd6 45. Bxg6 Ke6 46. Be8 1/2-1/2

[Event "CAN-op"]
[Site "Edmonton CAN"]
[Date "2000.07.11"]
[Round "4"]
[White "Venning, Ron"]
[Black "Bradbrooke, Wally"]
[Result "1-0"]
[WhiteElo "1713"]
[BlackElo "1233"]
[PlyCount "55"]
[GameId "2160767911686423"]
[EventDate "2000.07.08"]
[EventType "swiss"]
[EventRounds "10"]
[EventCountry "CAN"]

1. e4 c5 2. Nc3 e6 3. g3 Nf6 4. Bg2 Nc6 5. f4 d6 6. d3 Bd7 7. Nf3 g6 8. h3 Bg7 9. Ne2 e5 10. c3 Be6 11. g4 Nd7 12. f5 gxf5 13. gxf5 O-O 14. fxe6 fxe6 15. Qb3 Qc7 16. Qxe6+ Kh8 17. Bh6 Rf6 18. Bxg7+ Kxg7 19. Qb3 Raf8 20. Rf1 Re8 21. O-O-O b6 22. Ng3 Rg6 23. Nf5+ Kf6 24. Qc2 Rg5 25. N3h4 Rh5 26. Nxd6+ Ke6 27. Nxe8 Qd8 28. Qb3+ 1-0

[Event "CAN-op"]
[Site "Edmonton CAN"]
[Date "2000.07.11"]
[Round "5"]
[White "Arseneau, Peter"]
[Black "Alipour, Iraj"]
[Result "1-0"]
[WhiteElo "1896"]
[BlackElo "1579"]
[PlyCount "71"]
[GameId "2160767911686424"]
[EventDate "2000.07.08"]
[EventType "swiss"]
[EventRounds "10"]
[EventCountry "CAN"]

1. e4 b6 2. d4 Bb7 3. Nc3 g6 4. Nf3 Bg7 5. Bc4 e6 6. Qe2 Ne7 7. Be3 d5 8. exd5 Bxd5 9. Nxd5 Nxd5 10. Bg5 Nf6 11. d5 e5 12. Qxe5+ Qe7 13. O-O-O Qxe5 14. Nxe5 O-O 15. Rhe1 Nbd7 16. Nxd7 Nxd7 17. Bb5 Nf6 18. f3 Ne8 19. Be7 Nd6 20. Bc6 Rab8 21. Bxf8 Bxf8 22. Re2 a5 23. Rde1 b5 24. c3 a4 25. a3 Kg7 26. g4 Kg8 27. h4 Kg7 28. Re5 h6 29. f4 f6 30. Re6 Kf7 31. Rg1 Rd8 32. Kc2 Rb8 33. g5 hxg5 34. fxg5 f5 35. Rf1 Ne4 36. Rxe4 1-0

[Event "CAN-op"]
[Site "Edmonton CAN"]
[Date "2000.07.11"]
[Round "5"]
[White "Bestvater, Eric"]
[Black "Kazakevich, Anastasia"]
[Result "1-0"]
[WhiteElo "1699"]
[BlackElo "1608"]
[PlyCount "119"]
[GameId "2160767911686426"]
[EventDate "2000.07.08"]
[EventType "swiss"]
[EventRounds "10"]
[EventCountry "CAN"]

1. e4 d6 2. d4 Nf6 3. Nc3 g6 4. f4 Bg7 5. Nf3 O-O 6. Be2 Nbd7 7. Be3 Ng4 8. Qd2 Nxe3 9. Qxe3 c5 10. O-O a6 11. a4 cxd4 12. Nxd4 Qb6 13. Rfd1 e5 14. Nd5 Qa7 15. fxe5 dxe5 16. Ne7+ Kh8 17. Nxc8 Raxc8 18. Nf5 Qxe3+ 19. Nxe3 Nf6 20. Bd3 Bh6 21. Nc4 Nd7 22. c3 Bg7 23. b4 b5 24. axb5 axb5 25. Nd6 Rxc3 26. Bxb5 Nf6 27. Bc4 Kg8 28. Ba2 Re3 29. Nxf7 Nxe4 30. Re1 Rxe1+ 31. Rxe1 Nc3 32. Bc4 Rxf7 33. Rf1 Ne2+ 34. Kh1 Nf4 35. Bxf7+ Kxf7 36. g3 g5 37. gxf4 gxf4 38. b5 Bf8 39. Rc1 Bd6 40. b6 Ke7 41. Kg2 Kd7 42. Kf3 Bb8 43. Ke4 Bd6 44. b7 Bc7 45. Kd5 Kd8 46. Rg1 Bb8 47. Rg7 h5 48. h4 f3 49. Rf7 f2 50. Rxf2 Kc7 51. Rf7+ Kb6 52. Rh7 Bc7 53. Rxh5 Kxb7 54. Rxe5 Bd8 55. h5 Bf6 56. h6 Kc7 57. h7 Kd7 58. Rf5 Bg7 59. Rf7+ Ke8 60. Rxg7 1-0

[Event "CAN-op"]
[Site "Edmonton CAN"]
[Date "2000.07.11"]
[Round "5"]
[White "Birgani, Farokh"]
[Black "Haley, Phil"]
[Result "0-1"]
[WhiteElo "1685"]
[BlackElo "1828"]
[PlyCount "94"]
[GameId "2160767911686427"]
[EventDate "2000.07.08"]
[EventType "swiss"]
[EventRounds "10"]
[EventCountry "CAN"]

1. e4 d5 2. exd5 Qxd5 3. Nc3 Qa5 4. d4 Nf6 5. Be3 Bf5 6. Bd3 Bxd3 7. Qxd3 e6 8. Nge2 c6 9. O-O Nbd7 10. f3 Be7 11. Ng3 O-O 12. Bd2 Qc7 13. Nge4 Rad8 14. Rae1 Rfe8 15. Ng5 Nf8 16. Qc4 a6 17. f4 b5 18. Qb3 Nd5 19. f5 Bxg5 20. Nxd5 exd5 21. Bxg5 f6 22. Bf4 Qc8 23. Qg3 Rxe1 24. Qxe1 Re8 25. Qg3 Qxf5 26. Be5 Qg6 27. Qxg6 Nxg6 28. Bd6 Re2 29. Rc1 Kf7 30. b3 Nf8 31. a4 Ne6 32. Kf1 Nxd4 33. Rd1 Re4 34. axb5 axb5 35. Bc5 Ne6 36. Bb6 f5 37. g3 g5 38. Re1 Rxe1+ 39. Kxe1 Kf6 40. Kd2 Ke5 41. Kd3 h5 42. c4 bxc4+ 43. bxc4 dxc4+ 44. Ke3 c3 45. Ba5 c2 46. Bc3+ Kd5 47. Bd2 Nd4 0-1

[Event "CAN-op"]
[Site "Edmonton CAN"]
[Date "2000.07.11"]
[Round "5"]
[White "Blakely, Grant"]
[Black "Phimester, Alex"]
[Result "0-1"]
[WhiteElo "1147"]
[BlackElo "1479"]
[PlyCount "60"]
[GameId "2160767911686428"]
[EventDate "2000.07.08"]
[EventType "swiss"]
[EventRounds "10"]
[EventCountry "CAN"]

1. e4 e5 2. Nf3 Nc6 3. Nc3 Bc5 4. Bc4 Nf6 5. Qe2 d6 6. O-O Bg4 7. d3 Bxf3 8. Qxf3 Nd4 9. Qd1 O-O 10. Be3 c6 11. Na4 b5 12. Nxc5 bxc4 13. Nb7 Qc7 14. Nxd6 cxd3 15. Nf5 dxc2 16. Qd3 Nxf5 17. exf5 e4 18. Qxc2 g6 19. fxg6 hxg6 20. Rfe1 Ng4 21. g3 Kg7 22. Bd4+ f6 23. Rxe4 Nxh2 24. Qc5 Rae8 25. Kxh2 Rxe4 26. Bc3 Rh8+ 27. Kg2 Qd7 28. Rh1 Rxh1 29. Kxh1 Qd5 30. Qxa7+ Re7+ 0-1

[Event "CAN-op"]
[Site "Edmonton CAN"]
[Date "2000.07.11"]
[Round "5"]
[White "Boron, Anthony"]
[Black "Gemmell, Ian"]
[Result "1-0"]
[WhiteElo "1862"]
[BlackElo "1344"]
[PlyCount "37"]
[GameId "2160767911686429"]
[EventDate "2000.07.08"]
[EventType "swiss"]
[EventRounds "10"]
[EventCountry "CAN"]

1. d4 f5 2. Bg5 Nf6 3. Bxf6 exf6 4. Nd2 Be7 5. e3 d5 6. Bd3 c6 7. Nh3 O-O 8. c3 Be6 9. Qc2 Qd7 10. Nf4 g6 11. Nxe6 Qxe6 12. O-O-O b5 13. h4 h5 14. g4 hxg4 15. h5 Kg7 16. hxg6 Kxg6 17. Bxf5+ Qxf5 18. Rh6+ Kg5 19. Rh5+ 1-0

[Event "CAN-op"]
[Site "Edmonton CAN"]
[Date "2000.07.11"]
[Round "5"]
[White "Bradbrooke, Wally"]
[Black "Carayanniotis, Jason"]
[Result "0-1"]
[WhiteElo "1233"]
[BlackElo "977"]
[PlyCount "46"]
[GameId "2160767911686430"]
[EventDate "2000.07.08"]
[EventType "swiss"]
[EventRounds "10"]
[EventCountry "CAN"]

1. e4 d5 2. e5 Bf5 3. d4 e6 4. Bb5+ Nd7 5. c3 a6 6. Ba4 b5 7. Bb3 c5 8. Nf3 cxd4 9. cxd4 Bb4+ 10. Nc3 Rc8 11. a4 Bxc3+ 12. bxc3 Rxc3 13. axb5 Rd3 14. Bd2 Qe7 15. Bc2 Ra3 16. bxa6 Nh6 17. a7 Nb6 18. Qc1 Rxa7 19. Qb2 Bxc2 20. Qxc2 Rxa1+ 21. Ke2 Rxh1 22. Ne1 Rxh2 23. Qa4+ Nxa4 0-1

[Event "CAN-op"]
[Site "Edmonton CAN"]
[Date "2000.07.11"]
[Round "5"]
[White "Brodie, Hugh"]
[Black "McCusky, Louis"]
[Result "1-0"]
[WhiteElo "1968"]
[BlackElo "1558"]
[PlyCount "71"]
[GameId "2160767911686431"]
[EventDate "2000.07.08"]
[EventType "swiss"]
[EventRounds "10"]
[EventCountry "CAN"]

1. e4 c6 2. d4 d5 3. Nc3 dxe4 4. f3 e3 5. Bxe3 Nf6 6. Bc4 g6 7. Nge2 Bg7 8. Qd2 Nbd7 9. O-O-O Qa5 10. Kb1 Nb6 11. Bb3 Be6 12. Bxe6 fxe6 13. Ne4 Nc4 14. Qxa5 Nxa5 15. b3 Nxe4 16. fxe4 b6 17. Nf4 Kd7 18. Nd3 Nb7 19. Bf4 Rac8 20. Be5 Bf6 21. Rhf1 Rhf8 22. Rf3 Rf7 23. Rdf1 Rcf8 24. c3 Nd6 25. Bxd6 exd6 26. e5 Ke7 27. Rxf6 d5 28. Rxf7+ Rxf7 29. Rxf7+ Kxf7 30. Kc2 g5 31. Kd2 a5 32. b4 h5 33. bxa5 bxa5 34. Nc5 h4 35. a4 Ke7 36. Ke3 1-0

[Event "CAN-op"]
[Site "Edmonton CAN"]
[Date "2000.07.11"]
[Round "5"]
[White "Buitendyk, Theo"]
[Black "Quiring, John"]
[Result "0-1"]
[WhiteElo "1731"]
[BlackElo "1977"]
[PlyCount "88"]
[GameId "2160767911686432"]
[EventDate "2000.07.08"]
[EventType "swiss"]
[EventRounds "10"]
[EventCountry "CAN"]

1. e4 e5 2. Nf3 Nc6 3. d4 exd4 4. Nxd4 Qf6 5. Be3 Bc5 6. c3 Nge7 7. Bb5 a6 8. Bxc6 Nxc6 9. O-O O-O 10. Nf5 Bxe3 11. fxe3 Re8 12. Rf4 Ne5 13. Ng3 Qb6 14. Qe2 d6 15. b3 a5 16. Na3 a4 17. b4 Be6 18. Nf5 Ng6 19. Rf2 Rad8 20. Nc2 Qc6 21. Qd3 Bc4 22. Qd4 f6 23. Ng3 d5 24. exd5 Rxd5 25. Qg4 Bd3 26. Rd1 Ne5 27. Qh5 Bg6 28. Qe2 Nd3 29. Rf3 Ne5 30. Rf2 Red8 31. Rxd5 Rxd5 32. Nf5 Bxf5 33. Rxf5 Qxc3 34. Nd4 Qxb4 35. Rf4 Qb1+ 36. Kf2 Qb4 37. Ne6 Qe7 38. Nd4 Qd6 39. Nf5 Qd7 40. Kg3 Rd2 41. Qg4 g6 42. Nh6+ Kg7 43. Qh4 g5 44. Nf5+ Qxf5 0-1

[Event "CAN-op"]
[Site "Edmonton CAN"]
[Date "2000.07.11"]
[Round "5"]
[White "Bukowski, George"]
[Black "Hinds, Riana"]
[Result "1-0"]
[WhiteElo "1662"]
[BlackElo "1295"]
[PlyCount "163"]
[GameId "2160767911686433"]
[EventDate "2000.07.08"]
[EventType "swiss"]
[EventRounds "10"]
[EventCountry "CAN"]

1. d4 d5 2. Nf3 c6 3. Nc3 Nf6 4. Bg5 Nbd7 5. e3 e6 6. Bd3 Qa5 7. a3 Ne4 8. b4 Nxc3 9. bxa5 Nxd1 10. Kxd1 Bd6 11. Nd2 O-O 12. f4 f6 13. Bh4 e5 14. Bg3 exd4 15. exd4 f5 16. c4 Nf6 17. c5 Bc7 18. Nb3 Ng4 19. Kd2 Re8 20. Rae1 Bd7 21. h3 Nf6 22. Rxe8+ Rxe8 23. Re1 Ne4+ 24. Bxe4 fxe4 25. Ke3 b6 26. axb6 axb6 27. a4 Ra8 28. Ra1 b5 29. axb5 Rxa1 30. Nxa1 cxb5 31. Be1 g6 32. Nb3 Kg7 33. Bb4 h6 34. Nc1 h5 35. h4 Kf6 36. g3 Bg4 37. Na2 Kf5 38. Nc3 Ke6 39. Nxb5 Bb8 40. Ba5 Kd7 41. Bb6 Kc6 42. Na3 Kb7 43. Nc2 Bc7 44. Bxc7 Kxc7 45. Kd2 Be6 46. Kc3 Kc6 47. Kb4 Bf5 48. Ne3 Bc8 49. Ka5 Bd7 50. Nc2 Be6 51. Ka6 Kc7 52. Ka7 Bd7 53. Ne3 Kc6 54. Kb8 Be6 55. Nc2 Bg4 56. Nb4+ Kb5 57. Nxd5 Kc4 58. Ne3+ Kxd4 59. Nxg4 hxg4 60. c6 e3 61. c7 e2 62. c8=Q e1=Q 63. Qd7+ Kc5 64. Qc7+ Kd4 65. Qd7+ Kc5 66. Qxg4 Qb1+ 67. Kc8 Qd3 68. Qg5+ Kc4 69. g4 Qe4 70. Qf6 Qe8+ 71. Qd8 Qe4 72. Qc7+ Kd3 73. Qe5 Ke3 74. h5 gxh5 75. gxh5 Kf3 76. Qxe4+ Kxe4 77. h6 Kf5 78. h7 Kxf4 79. h8=Q Ke4 80. Kc7 Kd5 81. Qh5+ Ke4 82. Kd6 1-0

[Event "CAN-op"]
[Site "Edmonton CAN"]
[Date "2000.07.11"]
[Round "5"]
[White "Campbell, Brett"]
[Black "Lipnowski, Irwin"]
[Result "1/2-1/2"]
[WhiteElo "2158"]
[BlackElo "2309"]
[PlyCount "93"]
[GameId "2160767911686434"]
[EventDate "2000.07.08"]
[EventType "swiss"]
[EventRounds "10"]
[EventCountry "CAN"]
[SourceTitle "EXT 2001"]
[Source "ChessBase"]
[SourceDate "2000.11.22"]
[SourceVersion "1"]
[SourceVersionDate "2000.11.22"]
[SourceQuality "1"]

1. Nf3 Nf6 2. g3 b5 3. Bg2 Bb7 4. O-O e6 5. d3 Be7 6. e4 O-O 7. e5 Ne8 8. d4 c5 9. dxc5 Bxc5 10. Qd3 Qb6 11. Nc3 a6 12. a4 b4 13. Ne4 Be7 14. Nfg5 g6 15. h4 Qc7 16. Bf4 Nc6 17. Nf3 Rd8 18. Rad1 Qa5 19. b3 f5 20. Ned2 Qc7 21. Nc4 Bc5 22. Rfe1 Ne7 23. Nd6 Nd5 24. Bg5 Nxd6 25. exd6 Qxd6 26. Bxd8 Qxg3 27. Nd4 Qxd3 28. Rxd3 Rxd8 29. Ne2 Ba8 30. Bxd5 Bxd5 31. Nf4 Bc6 32. Nxe6 Re8 33. Nxc5 Rxe1+ 34. Kh2 f4 35. f3 Re2+ 36. Kh3 a5 37. Nxd7 Rxc2 38. Ne5 Rc3 39. Kg4 Rxd3 40. Nxd3 Bd5 41. Nc5 Kf7 42. Kxf4 Kf6 43. Ne4+ Ke7 44. Nd2 Kd6 45. Ne4+ Ke7 46. Nd2 Kd6 47. Ne4+ 1/2-1/2

[Event "CAN-op"]
[Site "Edmonton CAN"]
[Date "2000.07.11"]
[Round "5"]
[White "Campbell, John"]
[Black "Kazakevich, Alexander"]
[Result "1-0"]
[WhiteElo "1455"]
[BlackElo "1752"]
[PlyCount "85"]
[GameId "2160767911686435"]
[EventDate "2000.07.08"]
[EventType "swiss"]
[EventRounds "10"]
[EventCountry "CAN"]

1. e4 d6 2. Nf3 Nf6 3. Nc3 g6 4. d4 Bg7 5. Be3 O-O 6. Be2 b6 7. O-O c5 8. Qd2 Ng4 9. Bg5 h6 10. Be3 Nxe3 11. Qxe3 cxd4 12. Nxd4 Bb7 13. Bc4 Nc6 14. Nxc6 Bxc6 15. Rfe1 a6 16. Rab1 b5 17. Bd5 Qc7 18. Bxc6 Qxc6 19. Nd5 Qb7 20. Rbd1 Kh7 21. c3 Rac8 22. Qd3 a5 23. f4 e6 24. Ne3 Rfd8 25. f5 b4 26. fxg6+ fxg6 27. cxb4 Qxb4 28. Rc1 Bxb2 29. Rb1 Qd4 30. Qb3 Bc3 31. Qxe6 Rc7 32. Re2 Bd2 33. Qh3 Qxe4 34. Rf1 Bxe3+ 35. Rxe3 Qd5 36. a3 Qd4 37. Kh1 Qc5 38. Ref3 Qc1 39. Kg1 Qc5+ 40. Kh1 Qc1 41. Rf7+ Kg8 42. Qe6 Qc4 43. Qxg6+ 1-0

[Event "CAN-op"]
[Site "Edmonton CAN"]
[Date "2000.07.11"]
[Round "5"]
[White "Carayanniotis, George"]
[Black "Miller, Chris"]
[Result "1-0"]
[WhiteElo "998"]
[BlackElo "1557"]
[PlyCount "45"]
[GameId "2160767911686436"]
[EventDate "2000.07.08"]
[EventType "swiss"]
[EventRounds "10"]
[EventCountry "CAN"]

1. d4 d5 2. Nc3 Nf6 3. Bg5 h6 4. Bxf6 exf6 5. e4 Bb4 6. Nge2 dxe4 7. a3 Bxc3+ 8. Nxc3 Bf5 9. Qe2 Qxd4 10. Qb5+ Bd7 11. Qxb7 Bc6 12. Bb5 Qb6 13. Qc8+ Ke7 14. Qxh8 Nd7 15. Qxg7 e3 16. O-O-O Rb8 17. Rxd7+ Kxd7 18. Qxf7+ Kc8 19. Qe6+ Kb7 20. Bxc6+ Qxc6 21. Qxc6+ Kxc6 22. fxe3 Re8 23. Rf1 1-0

[Event "CAN-op"]
[Site "Edmonton CAN"]
[Date "2000.07.11"]
[Round "5"]
[White "Clemens, John"]
[Black "Tassone, Adam"]
[Result "1-0"]
[WhiteElo "1564"]
[BlackElo "1258"]
[PlyCount "153"]
[GameId "2160767911686438"]
[EventDate "2000.07.08"]
[EventType "swiss"]
[EventRounds "10"]
[EventCountry "CAN"]

1. e4 e5 2. Nf3 Nc6 3. Bb5 d6 4. Qe2 Nf6 5. c3 Bd7 6. Ba4 Be7 7. O-O O-O 8. d3 Re8 9. h3 Nb8 10. Bc2 Bb5 11. a4 Ba6 12. b4 b6 13. Re1 Nbd7 14. Qd1 c6 15. Bb2 Qc7 16. Nbd2 Rad8 17. Nf1 Nf8 18. Ng3 Bc8 19. Qd2 Ng6 20. d4 Nf4 21. Nf5 Bxf5 22. exf5 Bf8 23. h4 c5 24. g3 N4h5 25. d5 Rc8 26. Rac1 Re7 27. Bb3 Qb7 28. c4 Qd7 29. Bc2 Qd8 30. b5 Rec7 31. Nh2 Ra8 32. Bd1 g6 33. fxg6 fxg6 34. Qg5 Ng7 35. Ng4 Nxg4 36. Qxd8 Rxd8 37. Bxg4 Rf7 38. Rc2 Nf5 39. Bxf5 Rxf5 40. Bc3 Bh6 41. a5 Ra8 42. Ra1 Rb8 43. axb6 axb6 44. Ra7 Rf7 45. Rca2 Rbb7 46. Rxb7 Rxb7 47. Ra6 Kf7 48. Kg2 Kf6 49. f4 Kf5 50. fxe5 Bg7 51. Kf3 Bxe5 52. Bxe5 Kxe5 53. Ke3 h5 54. Ra8 Kf5 55. Rd8 Ke5 56. Re8+ Kf6 57. Re6+ Kf7 58. Rxd6 Re7+ 59. Kd3 Rb7 60. Re6 Rb8 61. Ke4 Re8 62. Rxe8 Kxe8 63. Ke5 Ke7 64. d6+ Kd7 65. Kd5 Kd8 66. Kc6 Kc8 67. Kxb6 Kd7 68. Kxc5 Ke6 69. b6 Kf5 70. d7 Kg4 71. d8=Q Kxg3 72. Qg5+ Kf3 73. b7 Ke4 74. b8=Q Kd3 75. Qbf4 Ke2 76. Qgg3 Kd1 77. Qff2 1-0